000 00251nam a2200109Ia 4500
008 240625s9999 xx 000 0 und d
041 _aeng
082 _a519.535 AND
100 _aLOWERY JOSEPH W
245 _aDREAMWEAVER MX 2004 BIBLE
260 _c2004
999 _c33100
_d33100